000 00730cam a22002654a 4500
999 _c25582
_d25582
001 YPZ95748
003 YPZ
005 20220210101241.0
008 120810|###########||||||b||||||||||spa|d
040 _cSIUNPA
_aSIUNPA
_bspa
_eAACR2
041 _aspa
044 _aag
080 _a616-053.2 B957e2
100 _aBurgos, Horacio I..
245 _aLa enfermera en pediatría
_c/ Horacio I. Burgos
250 _a2a. ed.
260 _aBuenos Aires
_b : El Ateneo
_c , 1978
300 _a245 p.
_b: il.
490 _v(Cuadernos de enfermería)
650 _a PRACTICAS DE ENFERMERIA
650 _a PEDIATRIA
650 _a SERVICIOS DE ENFERMERIA
830 _9398
_aCuadernos de enfermería (El Ateneo)
942 _cBK
_2udc